El siglo soviético. ¿Qué sucedió realmente en la Unión Soviética?
Đã lưu trong:
| Tác giả chính: | |
|---|---|
| Định dạng: | Sách |
| Ngôn ngữ: | Tiếng Tây Ban Nha |
| Được phát hành: |
Barcelona
Crítica
2006
|
| Loạt: | Memoria Crítica
|
| Những chủ đề: | |
| Các nhãn: |
Thêm thẻ
Không có thẻ, Là người đầu tiên thẻ bản ghi này!
|
MARC
| LEADER | 00000nam a2200000 a 4500 | ||
|---|---|---|---|
| 001 | UCI5426 | ||
| 003 | CL-VaPUC | ||
| 008 | 080328e20060000SP |||||||||||||||||spa|d | ||
| 020 | |a 8484327388 | ||
| 082 | 0 | 4 | |a 947.084 |b LEW |2 21 |
| 100 | 0 | |a Lewin, Moshe |e author |9 527802 | |
| 245 | 1 | 3 | |a El siglo soviético. ¿Qué sucedió realmente en la Unión Soviética? |
| 300 | |a 510 p | ||
| 942 | |c BK | ||
| 945 | |d 20080328 00:00:00 |a rbrito | ||
| 260 | |a Barcelona |b Crítica |c 2006 | ||
| 600 | 0 | 7 | |a STALIN, JOSEPH |2 CL-VaPUC |9 313919 |
| 600 | 0 | 7 | |a PARTIDO COMUNISTA |2 CL-VaPUC |9 403786 |
| 600 | 0 | 7 | |a KGB |2 CL-VaPUC |9 381975 |
| 650 | 0 | |a Comunismo |9 255588 | |
| 650 | 7 | |a MARXISMO HISTORIA |2 CL-VaPUC |9 527803 | |
| 651 | 0 | |a Unión Soviética |9 256769 | |
| 583 | |a last modification |c 20080328 00:00:00 |k Rodrigo Vera | ||
| 490 | 0 | |a Memoria Crítica | |
| 999 | |c 329174 |d 329172 | ||
| 952 | |0 0 |1 0 |4 0 |6 947_084000000000000_LEW_2006 |7 0 |8 A |9 413537 |a BIBHIS |b BIBHIS |d 2019-11-22 |i 4420853 |l 5 |m 1 |o 947.084 LEW 2006 |p 4420853 |r 2025-01-20 |s 2023-05-15 |w 2019-11-22 |y BK |k HIS | ||
| 952 | |0 0 |1 0 |4 0 |6 947_084000000000000_LEW_2006 |7 0 |8 A |9 413538 |a BIBHIS |b BIBHIS |d 2019-11-22 |i 4664159 |l 6 |m 1 |o 947.084 LEW 2006 |p 4664159 |r 2025-01-20 |s 2024-09-13 |w 2019-11-22 |y BK |k HIS | ||